The one thing : (Record no. 7420)

MARC details
000 -LEADER
fixed length control field 02266nam a22001697a 4500
003 - CONTROL NUMBER IDENTIFIER
control field OSt
005 - DATE AND TIME OF LATEST TRANSACTION
control field 20220620170932.0
008 - FIXED-LENGTH DATA ELEMENTS--GENERAL INFORMATION
fixed length control field 220620b |||||||| |||| 00| 0 eng d
020 ## - INTERNATIONAL STANDARD BOOK NUMBER
International Standard Book Number 9781848549609
082 ## - DEWEY DECIMAL CLASSIFICATION NUMBER
Classification number 158.1 KEL
100 ## - MAIN ENTRY--PERSONAL NAME
Personal name Keller, Gary.
245 ## - TITLE STATEMENT
Title The one thing :
Remainder of title the surprisingly simple truth behind extraordinary results.
260 ## - PUBLICATION, DISTRIBUTION, ETC.
Place of publication, distribution, etc. United Kingdom :
Name of publisher, distributor, etc. Bard Press,
Date of publication, distribution, etc. 2001
300 ## - PHYSICAL DESCRIPTION
Extent 240 p. :
Other physical details ill. ;
Dimensions 15 cm.
520 ## - SUMMARY, ETC.
Summary, etc. More than 500 appearances on national bestseller lists<br/><br/>• #1 Wall Street Journal, New York Times, and USA Today<br/><br/>• Won 12 book awards<br/><br/>• Translated into 35 languages<br/><br/>• Voted Top 100 Business Book of All Time on Goodreads<br/><br/>People are using this simple, powerful concept to focus on what matters most in their personal and work lives. Companies are helping their employees be more productive with study groups, training, and coaching. Sales teams are boosting sales. Churches are conducting classes and recommending for their members.<br/><br/>By focusing their energy on one thing at a time people are living more rewarding lives by building their careers, strengthening their finances, losing weight and getting in shape, deepening their faith, and nurturing stronger marriages and personal relationships.<br/><br/>YOU WANT LESS. You want fewer distractions and less on your plate. The daily barrage of e-mails, texts, tweets, messages, and meetings distract you and stress you out. The simultaneous demands of work and family are taking a toll. And what's the cost? Second-rate work, missed deadlines, smaller paychecks, fewer promotions--and lots of stress.<br/><br/>AND YOU WANT MORE. You want more productivity from your work. More income for a better lifestyle. You want more satisfaction from life, and more time for yourself, your family, and your friends.<br/><br/>NOW YOU CAN HAVE BOTH — LESS AND MORE. In The ONE Thing, you'll learn to * cut through the clutter * achieve better results in less time * build momentum toward your goal* dial down the stress * overcome that overwhelmed feeling * revive your energy * stay on track * master what matters to you The ONE Thing delivers extraordinary results in every area of your life--work, personal, family, and spiritual. WHAT'S YOUR ONE THING?
942 ## - ADDED ENTRY ELEMENTS (KOHA)
Source of classification or shelving scheme Dewey Decimal Classification
Koha item type General Literature
Holdings
Withdrawn status Lost status Source of classification or shelving scheme Damaged status Not for loan Home library Current library Date acquired Total Checkouts Total Renewals Full call number Barcode Date last seen Date last checked out Price effective from Koha item type
    Dewey Decimal Classification     FNPH LIBRARY FNPH LIBRARY 20/06/2022 6 8 158.1 KEL 13343 05/11/2025 06/11/2024 20/06/2022 General Literature
NEW ARRIVALS (Click to the book jackets to see its bibliographic details)



© 2022 All Rights Reserved, Faculty of Nursing and Public Health

Khesar Gyalpo University of Medical Sciences of Bhutan (KGUMSB), Thimphu
Telephone: +975-2-322031 (Ext.140)
Email: library@fnph.edu.bt